Loading...
Henry IV ;Part I. everyman's guide.
| Main Author: | |
|---|---|
| Format: | Printed Book |
| Published: |
Madras :
The Minerva Publishing House,
1955.
|
| Series: | Continuum Renaissance drama
|
| Subjects: |
| LEADER | 00521cam a2200145 a 4500 | ||
|---|---|---|---|
| 082 | 0 | 4 | |a 822.33 |b SHA/H |
| 100 | 1 | |a Shakespeare, William, | |
| 245 | 1 | 0 | |a Henry IV ;Part I. |b everyman's guide. |
| 260 | |a Madras : |b The Minerva Publishing House, |c 1955. | ||
| 300 | |a xi, 218 p. ; | ||
| 490 | 1 | |a Continuum Renaissance drama | |
| 650 | |a Literature-English. |v Drama. | ||
| 942 | |c BK | ||
| 999 | |c 100238 |d 100238 | ||
| 952 | |0 0 |1 0 |4 0 |6 822_330000000000000_SHA_H |7 0 |9 93558 |a SSS |b SSS |c LIT |d 2012-04-02 |l 0 |o 822.33 SHA/H |p SSSMK1040 |r 2012-04-02 |w 2012-04-02 |y BK | ||